Acento : antología poética para el siglo XXI /
Uloženo v:
| Hlavní autor: | |
|---|---|
| Médium: | Elektronický zdroj E-kniha |
| Jazyk: | španělština |
| Vydáno: |
Santiago de Chile :
RiL editores,
2024.
|
| Edice: | Aérea. Terroir.
|
| Témata: | |
| On-line přístup: | Digitalia Hispánica |
| Tagy: |
Přidat tag
Žádné tagy, Buďte první, kdo vytvoří štítek k tomuto záznamu!
|
MARC
| LEADER | 00000nam a2200000 i 4500 | ||
|---|---|---|---|
| 001 | DIGRILEDIT1565 | ||
| 003 | NyNyDIG | ||
| 007 | cr ||||||||||| | ||
| 008 | 250519s2024 cl o 000 p spa d | ||
| 006 | m o d | ||
| 035 | |a (OCoLC)1520583701 | ||
| 040 | |a DGITA |b eng |e rda |e pn |c DGITA | ||
| 020 | |z 9788410248076 | ||
| 050 | 1 | 4 | |a PQ6187.5 ebook |
| 245 | 0 | 0 | |a Acento : |b antología poética para el siglo XXI / |c Mariano Peyrou [and 11 others]. |
| 264 | 1 | |a Santiago de Chile : |b RiL editores, |c 2024. | |
| 300 | |a 1 online resource. | ||
| 336 | |a text |b txt |2 rdacontent | ||
| 337 | |a computer |b c |2 rdamedia | ||
| 338 | |a online resource |b cr |2 rdacarrier | ||
| 347 | |a text file |2 rdaft | ||
| 347 | |b PDF | ||
| 490 | 1 | |a ÆREA. Terroir | |
| 588 | 0 | |a Online resource; title from PDF title page (Digitalia, viewed May 19, 2025) | |
| 655 | 7 | |a Poetry. |2 lcgft | |
| 700 | 1 | |a Peyrou, Mariano, |d 1971- |e author. | |
| 791 | 2 | |a Digitalia (Firm), |e distributor. | |
| 793 | 0 | |g Digitalia eBook Collection: |a Ril Editores | |
| 776 | 0 | 8 | |i Print version: |t Acento. |b Primera edición. |d Santiago de Chile : RiL editores, [2024] |z 9788410248076 |
| 830 | 0 | |a Aérea. |p Terroir. | |
| 856 | 4 | 0 | |3 Digitalia Hispánica |u https://digitalia.unach.elogim.com/a/172287/ |
| 910 | |a Premium collection: 2025 | ||